000 00477nam a2200169Ia 4500
003 OSt
005 20260316143948.0
008 211028s2016 xx 000 0 und d
040 _cAIMIT LIBRARY
041 _aeng
100 _aM P, Abhishek Nair; Shetty, Annapoorna
_g131702
_94578
110 _aSrinivas B L
_94579
245 _aFinancial Asset Management System /
260 _aMangalore
_c2016
710 _aVeriton Software Solutions Pvt. Ltd.
_94580
942 _2ddc
_cPRO
999 _c217617
_d217617